000
00360nam a2200157Ia 4500
005
20251020182559.0
008
200515s9999 xx 000 0 und d
082
_a
SC/331.823/C42
110
_a
Cementos Lima S. A.
245
0
_a
Manual de trabajo seguro
260
_a
Lima
260
_c
19??
300
_a
16
650
_a
SEGURIDAD E HIGIENE
942
_c
LIB
999
_c
3006
_d
3006